00281nam a2200097Ia 4500008004100000100002300041245003700064245002500101260000900126856004800135160531s9999 xx 000 0 und d aPittman, Roland N. aRegulation of Tissue Oxygenation cby Roland N. Pittman c2011 uhttp://www.ncbi.nlm.nih.gov/books/NBK54104/